| 000 | 01074nam0a22002771 4500 | ||
|---|---|---|---|
| 001 | rc\2809536 | ||
| 005 | 20230605113214.0 | ||
| 035 | _a(NLR Aleph) 006935405 | ||
| 090 |
_a7590890 _c7590890 |
||
| 100 | _a20110915d1936 |||y0rusy50 ca | ||
| 101 | 0 | _arus | |
| 102 | _aRU | ||
| 105 | _aae z ||||| | ||
| 200 | 1 |
_aМашинист поршневых воздуходувок _fДоц. М. Я. Герман |
|
| 210 |
_aХарьков _aКиев _cГос. науч.-техн. изд-во Украины _d1936 |
||
| 215 |
_aПереплет, 138 с., [2] вкл. л. черт. _cил. _d23х15,5 см. |
||
| 225 | 1 | _aТехнический минимум | |
| 300 | _a"Утверждено ГУУЗ НКТП в качестве учебн. для курсов техминимума" | ||
| 320 | _aБиблиография: "Список использованной литературы" (с. 135) | ||
| 700 | 1 |
_aГерман _bМ. Я. |
|
| 801 | 0 |
_aRU _bNLR _gpsbo |
|
| 801 | 1 |
_aRU _bELAR _2rusmarc |
|
| 852 |
_aNLR _j36-4/320 |
||
| 942 | _cBOOK | ||
| 980 | _aNB | ||